| 000 | 004300000a22001690004500 | ||
|---|---|---|---|
| 003 | MACL | ||
| 005 | 20160113125320.0 | ||
| 008 | 160113b xxu||||| |||| 00| 0 eng d | ||
| 040 |
_aMACL _cMACL |
||
| 041 | _aEnglish | ||
| 082 | _a950/ETH | ||
| 100 |
_aEtherton, Lieut Colonel P T _931695 |
||
| 245 | _aIn The Heart of Asia | ||
| 260 |
_bConstable & Co Ltd _c1925 _aLondon |
||
| 650 |
_aHistory _931696 |
||
| 942 |
_cBK _k950/ETH _2ddc |
||
| 999 |
_c34926 _d34926 |
||